Statistics for Country Flags with 3 Horizontal Stripes - DIFFICULT

Click here to take the quiz!

General Stats

  • This quiz has been taken 1,996 times
    (1,511 since last reset)
  • The average score is 30 of 49

Answer Stats

FlagCountry% Correct
Russia
87%
Argentina
83%
Germany
83%
Netherlands
81%
Lithuania
76%
Latvia
75%
Austria
74%
Estonia
74%
Hungary
73%
Bulgaria
72%
Colombia
71%
Yemen
71%
Egypt
70%
Iraq
70%
Slovenia
70%
Luxembourg
69%
Slovakia
69%
India
68%
Bolivia
67%
Ecuador
67%
Iran
67%
Venezuela
67%
Syria
66%
Serbia
64%
Armenia
63%
El Salvador
63%
Honduras
63%
Nicaragua
63%
Croatia
59%
Spain
59%
Libya
57%
Niger
57%
Paraguay
57%
Gabon
56%
Azerbaijan
55%
Ghana
55%
Sierra Leone
53%
Laos
50%
Tajikistan
50%
Ethiopia
47%
Myanmar
47%
Lebanon
46%
Belize
44%
Cambodia
43%
Lesotho
41%
Mauritania
40%
Rwanda
40%
Malawi
37%
Nauru
30%

Score Distribution

Percentile by Number Answered

Percent of People with Each Score

Your Score History

You have not taken this quiz since the last reset